Statistics for Countries, US States, Capitals, Elements, 100 Most Common Words: add 4 letters to get another

Click here to take the quiz!

General Stats

  • This quiz has been taken 125 times
  • The average score is 49 of 76

Answer Stats

ANSWER% Correct
k{A}z{A}kh{STAN}
98%
sw{I}tz{ERLAND}
98%
{U}zbek{ISTAN}
96%
Virginia
91%
m{ON}t{E}ne{GRO}
89%
Panama
88%
{SOU}th ko{REA}
88%
t{UR}k{MENIS}t{A}n
86%
west {VIRGINIA}
86%
Mexico
82%
{N}o{RTH} kor{EA}
82%
{PANAMA} city
82%
m{ON}t{GO}m{ER}y
79%
Ireland
77%
Guatemala
75%
law{RE}n{CIUM}
75%
{MEXICO} city
75%
s{O}u{T}h {A}f{RICA}
75%
{S}o{UT}h {A}f{RI}c{A}
75%
{BATO}n r{O}u{G}e
73%
bat{ON} {RO}u{GE}
73%
Kuwait
73%
Astana
71%
{KUWAIT} city
71%
s{E}a{B}o{R}g{IUM}
71%
se{AB}o{R}g{IUM}
71%
{SEAB}o{R}g{I}um
71%
{SEA}b{OR}gi{U}m
71%
{SEA}bo{R}gi{UM}
71%
br{ATI}s{LAV}a
70%
{GUATEMALA} city
70%
Cerium
66%
d{ARMS}t{A}dt{IUM}
64%
m{A}u{RITAN}ia
64%
Oregon
64%
{D}y{S}pr{O}s{IUM}
63%
ga{D}ol{INIUM}
63%
{MA}d{A}g{AS}ca{R}
63%
Barium
61%
c{HAR}l{E}s{T}o{N}
61%
c{HA}rl{EST}o{N}
61%
Latvia
61%
Oklahoma
61%
{OKLAHOMA} city
61%
pro{TAC}t{INIUM}
59%
pro{TA}c{TINIUM}
59%
{R}ho{DE} {I}s{LAN}d
57%
Sodium
57%
Austin
55%
Bogotá
55%
Actinium
54%
Austria
52%
Erbium
52%
Roseau
52%
Tirana
52%
Athens
50%
Tehran
50%
Croatia
48%
Indium
48%
Samarium
46%
Serbia
46%
Asmara
45%
{SAINT} l{U}cia
45%
Suriname
45%
Maseru
43%
Titanium
43%
{GEOR}get{O}w{N}
41%
Denver
32%
p{R}o{V}i{DEN}c{E}
32%

Score Distribution

Percentile by Number Answered

Percent of People with Each Score

Your Score History

You have not taken this quiz